| 000 | 01031nam a2200229Ia 4500 | ||
|---|---|---|---|
| 001 | L109-755 | ||
| 003 | IT-CnALBA | ||
| 008 | 170116s9999||||xx |||||||||||||| ||und|| | ||
| 040 |
_aIT-CnALBA _cIT-CnALBA |
||
| 041 | _aFRANCESE | ||
| 100 | _aPALHORIES F. | ||
| 245 | 0 | _aVIES ET DOCTRINES DES GRANDS PHILOSOPHES A TRAVERS LES AGES VOL. I ANTIQUITÈ. | |
| 250 | _a2a ed. | ||
| 260 |
_a PARIS _bANORE F. EDITEUR _c1936 [1° Ed.: n.d.] |
||
| 300 | _a288 p. | ||
| 500 | _aPREFAZIONE. LEZIONE DI FILOSOFIA. I PRIMI FILOSOFI GRECI. SOFISTI E SOCRATE. PLATONE ARISTOTELE EPICURO. STOICISMO SCETTICISMO SCUOLA D'ALESSANDRIA. S. AGOSTINO. | ||
| 501 | _aSocietà San Paolo EM - Piazza San Paolo, 14 - 12051 ALBA (CN) (non commercial uses only) ® Copyright 2017 | ||
| 520 | _aPREFAZIONE. LEZIONE DI FILOSOFIA. I PRIMI FILOSOFI GRECI. SOFISTI E SOCRATE. PLATONE ARISTOTELE EPICURO. STOICISMO SCETTICISMO SCUOLA D'ALESSANDRIA. S. AGOSTINO. | ||
| 650 | _aTRATTAZIONE STORICA DELLA FILOSOFIA | ||
| 942 | _cBK | ||
| 957 | _71 | ||
| 999 |
_a854 _bSI _g Copie: 1 _c259991 _d259991 |
||